| 000 | 00593cam a2200169 a 4500 | ||
|---|---|---|---|
| 020 | _a978-0-85709-988-4 | ||
| 082 | 0 | 0 |
_a620.1186 _bBRA _cM-38,P-118 |
| 245 | 1 | 0 |
_aBrittle matrix composites 10 _cedited by A. M. Brandt and J. Olek. |
| 260 |
_aWarsaw ; _aNew York : _bWoodhead Publishing Ltd, _cc20121. |
||
| 300 |
_axii, 409 p. : _bill. ; _c25 cm. |
||
| 526 |
_a0 _b0 _c0 _d620_118600000000000_BRA |
||
| 650 | 0 |
_aceramics _944197 |
|
| 650 | 0 |
_aComposite materials _xConcrete _944198 |
|
| 700 | 1 |
_aBrandt, Andrzej Marek. _944199 |
|
| 856 | _uhttp://172.25.8.12:8080/browse/book/71 | ||
| 942 |
_2ddc _cBK |
||
| 999 |
_c548016 _d548016 |
||